Personnages Scooby doo en 15 secondes - Statistiques

Statistiques générales
  • Ce quiz a été pris 270 fois
  • Le résultat moyen est 4 sur 5
Statistiques - réponses
Personnage % Correct
Sammy
90%
Scooby doo
89%
Vera
89%
Fred
87%
Daphnée
83%
Aucun quiz correspondant
Distribution des résultats
% des personnes avec chaque résultat
Percentile par nombre de réponses
Votre historique - résultats
Vous n’avez pas pris ce quiz